000 00642cam a2200241 4500
008 090401t1989 xxu||||| |||| 00| 0 eng d
020 _a0471619787
035 _a(Sirsi) u29419
041 _aeng
050 _a333.330973
100 _aPisani, Ralph R
245 _aInvesting in land: how to be a successful developer
260 _aNew York
_bJohn Wiley and Sons
_c1989
300 _axviii,235p. ; 23cm.
350 _a20.15
650 _aDEVELOPMENT
650 _aPROPERTY DEVELOPERS
650 _aPROPERTY INVESTMENT
650 _aUNITED STATES OF AMERICA
700 _aPisani, Robert L
942 _n0
948 _c04/03/1997
999 _c89418
_d89418